=LDR 00000nam 2200000 4500 =001 INLIS000000000049675 =005 20170313085511.0 =006 =007 =008 =035 ##$$0010-031700000000120 =040 ##$$a NBPDMAT =082 ##$$a 641 595 98 =084 ##$$a 641 595 98 =100 ##$$a Indri Resmining =245 ##$$a Keunggulan dan potensi masakan indonesia / $c Indri resmining =260 ##$$a Surakarta : $b Aryhaeko Sinergi Persada, $c 2014 =300 ##$$a 116 hlm . : $b ilus , ; $c 21 cm =500 ##$$a Biliografi : hlm. 116 =650 ##$$a Masakan indonesia